000 00739nam a22002057a 4500
005 20240701111551.0
010 _aB-760003
020 _a9789387164154
_c250.00
035 _aB-760003
037 _bGift/25.06.2024
082 _a891.44
100 _aTagore, Rabindranath
_967933
245 _aThe crescent moon /
_cby Rabindranath Tagore ; translated into English by the author ; Introduction by Ruskin bond
260 _aNew Delhi
_bSpeaking Tiger publishing pvt. Ltd
_c2017
270 _a4381/4 Ansari Road ,Daryaganj
_bNew Delhi
_e110002
300 _a153p.
_c18cm(pbk)
700 _aBond, Ruskin
_967932
942 _2ddc
_cCH
_h891.44
_mTAG
999 _c203831
_d203831